[Event "Sao Paulo Braga Memorial 2nd"]
[Site "Sao Paulo"]
[Date "2013.07.08"]
[Round "4"]
[White "Utiyama, Marcel Heimar Ribei"]
[Black "Cubas, Jose Fernando"]
[Result "0-1"]
[WhiteElo "2185"]
[BlackElo "2528"]
[PlyCount "70"]
[EventDate "2013.07.05"]
[EventType "swiss"]
[EventRounds "9"]
[EventCountry "BRA"]
[SourceTitle "CBM 155 Extra"]
[Source "ChessBase"]
[SourceDate "2013.08.26"]
[SourceVersion "1"]
[SourceVersionDate "2013.08.26"]
[SourceQuality "1"]

1. e4 c5 2. Nf3 d6 3. d4 cxd4 4. Nxd4 Nf6 5. Nc3 a6 6. Bc4 e6 7. Bb3 Nbd7 8. f4
Nc5 9. Qf3 b5 10. f5 Bd7 11. a3 e5 12. Nde2 Nxb3 13. cxb3 h6 14. O-O Bc6 15.
Be3 Be7 16. Rfd1 Qb8 17. b4 Qb7 18. Ng3 h5 19. h4 Ng4 20. f6 Nxf6 21. Bg5 Ng4
22. Bxe7 Qxe7 23. Nf5 Qa7+ 24. Kh1 O-O 25. Rxd6 Rac8 26. Rf1 g6 27. Ng3 Qe7 28.
Rfd1 Rfd8 29. Rxd8+ Rxd8 30. Rxd8+ Qxd8 31. Nf1 Qxh4+ 32. Kg1 Qd8 33. Nd5 Bxd5
34. exd5 e4 35. Qd1 Qb6+ 0-1

[Event "Sao Paulo Braga Memorial 2nd"]
[Site "Sao Paulo"]
[Date "2013.07.10"]
[Round "6"]
[White "Cubas, Jose Fernando"]
[Black "Molina, Roberto Junio Brito"]
[Result "1/2-1/2"]
[WhiteElo "2528"]
[BlackElo "2406"]
[PlyCount "124"]
[EventDate "2013.07.05"]
[EventType "swiss"]
[EventRounds "9"]
[EventCountry "BRA"]
[SourceTitle "CBM 155 Extra"]
[Source "ChessBase"]
[SourceDate "2013.08.26"]
[SourceVersion "1"]
[SourceVersionDate "2013.08.26"]
[SourceQuality "1"]

1. e4 c6 2. d4 d5 3. Nd2 dxe4 4. Nxe4 Nd7 5. Ng5 Ngf6 6. Bd3 e6 7. Qe2 Bd6 8.
N1f3 h6 9. Ne4 Nxe4 10. Qxe4 Qc7 11. Bd2 b6 12. O-O-O Bb7 13. Rhe1 O-O-O 14.
Qe2 Kb8 15. g3 c5 16. Ne5 Nxe5 17. dxe5 Be7 18. Qg4 g6 19. Be4 Rd4 20. Qf3 Rxe4
21. Rxe4 h5 22. Qe2 Bxe4 23. Qxe4 Rd8 24. Qf3 Bf8 25. Bg5 Rxd1+ 26. Kxd1 Be7
27. Bh6 Bd8 28. Qf4 Qd7+ 29. Qd2 Qxd2+ 30. Kxd2 f5 31. h4 Kc7 32. c4 Kd7 33.
Ke3 Be7 34. Kf3 Ke8 35. Kf4 Kf7 36. a3 Ke8 37. f3 Kf7 38. Bg5 Bf8 39. Ke3 Ke8
40. Kd3 Kd7 41. Kc3 Kc6 42. Kb3 Bg7 43. f4 Bf8 44. Ka4 a5 45. Bf6 Bh6 46. Be7
Bg7 47. Bf6 Bh6 48. Be7 Bg7 49. b4 axb4 50. axb4 cxb4 51. Bxb4 Bh6 52. Be7 Bg7
53. Kb4 Bh6 54. Bd6 Bg7 55. c5 bxc5+ 56. Kc4 Bh6 57. Bxc5 Bg7 58. Bb4 Bh6 59.
Be7 Bg7 60. Bc5 Bh6 61. Bb4 Bg7 62. Ba5 Bh6 1/2-1/2

[Event "Sao Paulo Braga Memorial 2nd"]
[Site "Sao Paulo"]
[Date "2013.07.11"]
[Round "7"]
[White "Matsuura, Everaldo"]
[Black "Cubas, Jose Fernando"]
[Result "1-0"]
[WhiteElo "2491"]
[BlackElo "2528"]
[PlyCount "81"]
[EventDate "2013.07.05"]
[EventType "swiss"]
[EventRounds "9"]
[EventCountry "BRA"]
[SourceTitle "CBM 155 Extra"]
[Source "ChessBase"]
[SourceDate "2013.08.26"]
[SourceVersion "1"]
[SourceVersionDate "2013.08.26"]
[SourceQuality "1"]

1. d4 Nf6 2. c4 e6 3. Nc3 Bb4 4. e3 b6 5. Nge2 Bb7 6. a3 Be7 7. Nf4 O-O 8. Bd3
d6 9. O-O Nbd7 10. e4 e5 11. Nfe2 exd4 12. Nxd4 Re8 13. f3 c6 14. Nf5 Bf8 15.
Bg5 h6 16. Bf4 Ne5 17. Be2 Kh7 18. Qd2 Ba6 19. Rfd1 Nh5 20. Be3 Bxc4 21. f4 Bb3
22. fxe5 Bxd1 23. Rxd1 dxe5 24. Qc2 Qf6 25. Bxh5 g6 26. Rf1 gxh5 27. Nxh6 Qg6
28. Nxf7 Re7 29. Ng5+ Kh8 30. Rf5 Bg7 31. Qf2 Kg8 32. Nf3 Rf8 33. Rg5 Qf7 34.
Qh4 Qb3 35. Qf2 h4 36. h3 Ref7 37. Rg4 a5 38. a4 b5 39. axb5 a4 40. Bc5 Rb8 41.
bxc6 1-0

[Event "Sao Paulo Braga Memorial 2nd"]
[Site "Sao Paulo"]
[Date "2013.07.12"]
[Round "8"]
[White "Cubas, Jose Fernando"]
[Black "Sztokbant, Bernardo Vainzoff"]
[Result "0-1"]
[WhiteElo "2528"]
[BlackElo "2185"]
[PlyCount "81"]
[EventDate "2013.07.05"]
[EventType "swiss"]
[EventRounds "9"]
[EventCountry "BRA"]
[SourceTitle "CBM 155 Extra"]
[Source "ChessBase"]
[SourceDate "2013.08.26"]
[SourceVersion "1"]
[SourceVersionDate "2013.08.26"]
[SourceQuality "1"]

1. e4 e5 2. Nf3 Nc6 3. Nc3 Nf6 4. d4 exd4 5. Nxd4 Bb4 6. Nxc6 bxc6 7. Bd3 d5 8.
exd5 cxd5 9. O-O O-O 10. Bg5 c6 11. Na4 Be6 12. c3 Be7 13. Bc2 h6 14. Bh4 Nd7
15. Qd3 g6 16. Bxe7 Qxe7 17. Qe3 Kg7 18. f4 f5 19. Rfe1 Rfe8 20. Re2 Nf6 21.
Nc5 Ne4 22. Bxe4 fxe4 23. Qd4+ Qf6 24. Na6 Re7 25. a4 Bc8 26. Nb4 Qxd4+ 27.
cxd4 a5 28. Nxc6 Rc7 29. Rc2 Bb7 30. Nb4 Rac8 31. Rxc7+ Rxc7 32. Na2 Rc4 33.
Rc1 Rxa4 34. Rc7+ Kf6 35. Nc3 Rb4 36. Rc5 Rxd4 37. Rxa5 Ke6 38. Rb5 Bc6 39. Rb6
Kd7 40. g4 e3 41. Ne2 0-1

[Event "Sao Paulo Braga Memorial 2nd"]
[Site "Sao Paulo"]
[Date "2013.07.13"]
[Round "9"]
[White "Cubas, Jose Fernando"]
[Black "Sega, Carlos Alberto"]
[Result "1-0"]
[WhiteElo "2528"]
[BlackElo "2233"]
[PlyCount "49"]
[EventDate "2013.07.05"]
[EventType "swiss"]
[EventRounds "9"]
[EventCountry "BRA"]
[SourceTitle "CBM 155 Extra"]
[Source "ChessBase"]
[SourceDate "2013.08.26"]
[SourceVersion "1"]
[SourceVersionDate "2013.08.26"]
[SourceQuality "1"]

1. e4 e5 2. Nf3 Nc6 3. d4 exd4 4. Nxd4 Bc5 5. Nb3 Bb6 6. a4 Qf6 7. Qe2 a6 8.
Nc3 Nge7 9. Nd5 Nxd5 10. exd5+ Ne7 11. h4 h6 12. a5 Ba7 13. Ra4 d6 14. Rf4 Bf5
15. g4 Kd7 16. gxf5 Nxd5 17. Re4 Rae8 18. Kd1 Kd8 19. f3 Qxf5 20. Bh3 Qg6 21.
Bd2 f5 22. Rxe8+ Rxe8 23. Qd3 Ne7 24. Kc1 Qh5 25. f4 1-0

[Event "Ribeira Valley op 9th"]
[Site "Registro"]
[Date "2013.07.30"]
[Round "1"]
[White "Caporale, Giuseppe Guido"]
[Black "Cubas, Jose Fernando"]
[Result "0-1"]
[WhiteElo "1768"]
[BlackElo "2512"]
[PlyCount "55"]
[EventDate "2013.07.30"]
[EventType "swiss"]
[EventRounds "9"]
[EventCountry "BRA"]
[SourceTitle "CBM 155 Extra"]
[Source "ChessBase"]
[SourceDate "2013.08.26"]
[SourceVersion "1"]
[SourceVersionDate "2013.08.26"]
[SourceQuality "1"]

1. e4 c5 2. d4 cxd4 3. Qxd4 Nc6 4. Qd3 Nf6 5. Nc3 d6 6. Bf4 g6 7. Nf3 Bg7 8.
Be2 O-O 9. h3 b6 10. Qd2 Bb7 11. Bh6 Rc8 12. Bxg7 Kxg7 13. Nh2 Ne5 14. Ng4 Nxe4
15. Qh6+ Kh8 16. Nxe5 dxe5 17. Rd1 Qc7 18. Nxe4 Bxe4 19. O-O Qxc2 20. Rd2 Qc6
21. Qg5 f6 22. Qg3 Rfd8 23. Rxd8+ Rxd8 24. f4 exf4 25. Qxf4 Bxg2 26. Bf3 Bxf3
27. Rxf3 Rd1+ 28. Kf2 0-1

[Event "Ribeira Valley op 9th"]
[Site "Registro"]
[Date "2013.07.30"]
[Round "2"]
[White "Cubas, Jose Fernando"]
[Black "Saito, Vinicius Ikezu"]
[Result "1-0"]
[WhiteElo "2512"]
[BlackElo "2082"]
[PlyCount "80"]
[EventDate "2013.07.30"]
[EventType "swiss"]
[EventRounds "9"]
[EventCountry "BRA"]
[SourceTitle "CBM 155 Extra"]
[Source "ChessBase"]
[SourceDate "2013.08.26"]
[SourceVersion "1"]
[SourceVersionDate "2013.08.26"]
[SourceQuality "1"]

1. e4 e6 2. d4 d5 3. e5 c5 4. c3 Nc6 5. Nf3 Qb6 6. a3 c4 7. Nbd2 Na5 8. g3 Bd7
9. Bg2 Ne7 10. O-O Nc8 11. h4 Qc7 12. h5 Be7 13. h6 g6 14. Nh2 Nb6 15. Ng4
O-O-O 16. Nf3 Ba4 17. Qe2 Nb3 18. Bg5 Nxa1 19. Rxa1 Bxg5 20. Nxg5 Qe7 21. Nf6
Bc6 22. Qd2 Nd7 23. Ngxh7 Kb8 24. Bf3 a5 25. Kg2 b5 26. Rh1 Nxf6 27. Nxf6 Kb7
28. h7 Qf8 29. g4 Qg7 30. Kg3 Rd7 31. Qh6 Qxh6 32. Rxh6 Kc7 33. Kf4 Kd8 34. Kg5
Ke7 35. Rh1 Kf8 36. Kh6 Ra7 37. Ra1 a4 38. Bd1 Rc7 39. Bc2 Ra7 40. f4 Rc7 1-0

[Event "Ribeira Valley op 9th"]
[Site "Registro"]
[Date "2013.07.31"]
[Round "3"]
[White "Egoroff, Jomar"]
[Black "Cubas, Jose Fernando"]
[Result "1-0"]
[WhiteElo "2291"]
[BlackElo "2512"]
[PlyCount "68"]
[EventDate "2013.07.30"]
[EventType "swiss"]
[EventRounds "9"]
[EventCountry "BRA"]
[SourceTitle "CBM 155 Extra"]
[Source "ChessBase"]
[SourceDate "2013.08.26"]
[SourceVersion "1"]
[SourceVersionDate "2013.08.26"]
[SourceQuality "1"]

1. e4 c5 2. Nf3 d6 3. d4 cxd4 4. Nxd4 Nf6 5. Nc3 a6 6. Bg5 e6 7. f4 Nc6 8. Qd2
h6 9. Bxf6 Qxf6 10. Nf3 Qd8 11. O-O-O b5 12. h4 Qa5 13. Kb1 b4 14. Ne2 Be7 15.
g4 Qc5 16. Ned4 Nxd4 17. Nxd4 Bb7 18. Bg2 a5 19. g5 hxg5 20. hxg5 Rxh1 21. Rxh1
g6 22. f5 e5 23. fxg6 fxg6 24. Nb3 Qb6 25. Rh6 Qg1+ 26. Nc1 Rc8 27. Rxg6 Rc4
28. Qe2 Rd4 29. Bf3 Kf8 30. c3 Kf7 31. Rh6 bxc3 32. bxc3 Qxg5 33. Bh5+ Kf8 34.
Qf3+ Kg7 1-0

[Event "Ribeira Valley op 9th"]
[Site "Registro"]
[Date "2013.07.31"]
[Round "4"]
[White "Cubas, Jose Fernando"]
[Black "Cirilo, Guilherme de Araujo"]
[Result "1-0"]
[WhiteElo "2512"]
[BlackElo "1898"]
[PlyCount "45"]
[EventDate "2013.07.30"]
[EventType "swiss"]
[EventRounds "9"]
[EventCountry "BRA"]
[SourceTitle "CBM 155 Extra"]
[Source "ChessBase"]
[SourceDate "2013.08.26"]
[SourceVersion "1"]
[SourceVersionDate "2013.08.26"]
[SourceQuality "1"]

1. e4 c6 2. d4 d5 3. e5 Bf5 4. h4 c5 5. dxc5 Qa5+ 6. Nc3 Be6 7. Nf3 Qxc5 8.
Bb5+ Nc6 9. Be3 Qb4 10. Nd4 Bd7 11. a3 Qa5 12. b4 Qd8 13. Nxd5 Nxe5 14. Bf4 e6
15. Bxe5 exd5 16. Qe2 Ne7 17. O-O a6 18. Bd3 Qb6 19. Nb3 h5 20. Nc5 O-O-O 21.
Bg3 Bg4 22. Qe5 Nc6 23. Bf5+ 1-0

[Event "Ribeira Valley op 9th"]
[Site "Registro"]
[Date "2013.08.01"]
[Round "5"]
[White "Gauche, Charles"]
[Black "Cubas, Jose Fernando"]
[Result "1/2-1/2"]
[WhiteElo "2218"]
[BlackElo "2512"]
[PlyCount "50"]
[EventDate "2013.07.30"]
[EventType "swiss"]
[EventRounds "9"]
[EventCountry "BRA"]
[SourceTitle "CBM 155 Extra"]
[Source "ChessBase"]
[SourceDate "2013.08.26"]
[SourceVersion "1"]
[SourceVersionDate "2013.08.26"]
[SourceQuality "1"]

1. e4 c5 2. Nf3 Nc6 3. Bb5 Qc7 4. O-O Nf6 5. Re1 Nd4 6. Nxd4 cxd4 7. e5 Nd5 8.
c3 a6 9. Bf1 dxc3 10. Nxc3 Nxc3 11. bxc3 e6 12. Qg4 b6 13. a4 Bb7 14. Ba3 Bxa3
15. Rxa3 O-O 16. c4 f5 17. Qh5 Rf7 18. Rh3 g6 19. Qg5 Qc5 20. Qe3 Bc6 21. d4
Qb4 22. Ra1 Rff8 23. Qh6 Rf7 24. Qe3 Rff8 25. Qh6 Rf7 1/2-1/2

[Event "Ribeira Valley op 9th"]
[Site "Registro"]
[Date "2013.08.01"]
[Round "6"]
[White "Cubas, Jose Fernando"]
[Black "Da Cruz, William Ferreira"]
[Result "1-0"]
[WhiteElo "2512"]
[BlackElo "2170"]
[PlyCount "95"]
[EventDate "2013.07.30"]
[EventType "swiss"]
[EventRounds "9"]
[EventCountry "BRA"]
[SourceTitle "CBM 155 Extra"]
[Source "ChessBase"]
[SourceDate "2013.08.26"]
[SourceVersion "1"]
[SourceVersionDate "2013.08.26"]
[SourceQuality "1"]

1. e4 e6 2. d4 d5 3. e5 c5 4. c3 Nc6 5. Nf3 Bd7 6. Be2 Nge7 7. Na3 cxd4 8. cxd4
Nf5 9. Nc2 Qb6 10. O-O Na5 11. b3 Bb5 12. g4 Ne7 13. Ba3 Bxe2 14. Qxe2 h5 15.
Bc5 Qc7 16. Bxe7 Bxe7 17. h3 O-O-O 18. Rfc1 Kb8 19. b4 Nc4 20. Ne3 hxg4 21.
hxg4 Rc8 22. b5 b6 23. Rc2 Qb7 24. Rac1 Nxe3 25. Qxe3 Rxc2 26. Rxc2 Rc8 27. Qd3
g6 28. Kg2 Rc7 29. Rxc7 Qxc7 30. Qd2 Qc8 31. Qf4 Qe8 32. g5 Bb4 33. Nh2 Bc3 34.
Ng4 Qxb5 35. Qxf7 Bxd4 36. Qxg6 Qe2 37. Qxe6 Qe4+ 38. Kg3 Qd3+ 39. Kh4 Qh7+ 40.
Qh6 Qe4 41. Qd6+ Kb7 42. Qd7+ Ka6 43. f3 Qe1+ 44. Kh5 Bxe5 45. Qxd5 Ba1 46. f4
Qe8+ 47. g6 Qh8+ 48. Kg5 1-0

[Event "Ribeira Valley op 9th"]
[Site "Registro"]
[Date "2013.08.02"]
[Round "7"]
[White "Umetsubo, Cesar Hidemitsu"]
[Black "Cubas, Jose Fernando"]
[Result "1-0"]
[WhiteElo "2298"]
[BlackElo "2512"]
[PlyCount "103"]
[EventDate "2013.07.30"]
[EventType "swiss"]
[EventRounds "9"]
[EventCountry "BRA"]
[SourceTitle "CBM 155 Extra"]
[Source "ChessBase"]
[SourceDate "2013.08.26"]
[SourceVersion "1"]
[SourceVersionDate "2013.08.26"]
[SourceQuality "1"]

1. d4 Nf6 2. c4 e6 3. Nc3 c5 4. d5 exd5 5. cxd5 g6 6. e4 d6 7. f4 Bg7 8. Bb5+
Nfd7 9. a4 O-O 10. Nf3 Na6 11. O-O Nc7 12. Bd3 a6 13. Re1 Nf6 14. h3 Rb8 15. a5
b5 16. axb6 Rxb6 17. Bc4 Rb4 18. Qd3 Nd7 19. b3 Nb6 20. e5 Bf5 21. Ne4 dxe5 22.
fxe5 Ncxd5 23. Bd2 Qa8 24. g4 Bc8 25. Nxc5 Qc6 26. Nxa6 Rxc4 27. bxc4 Nxc4 28.
Nd4 Nb2 29. Nxc6 Nxd3 30. Re2 Bb7 31. Nab4 N5xb4 32. Nxb4 Nxe5 33. Ra7 Ba8 34.
Kf1 Nc4 35. Bf4 Bf3 36. Rc2 Nb6 37. Be3 Be4 38. Bxb6 Bxc2 39. Nxc2 f5 40. Ke2
fxg4 41. hxg4 Rf4 42. Ne3 Bd4 43. Bxd4 Rxd4 44. Kf3 h5 45. g5 Kf8 46. Rb7 Kg8
47. Rc7 Kf8 48. Rc4 Rd7 49. Ng2 Rd3+ 50. Ke4 Rg3 51. Nf4 h4 52. Nxg6+ 1-0

[Event "Ribeira Valley op 9th"]
[Site "Registro"]
[Date "2013.08.02"]
[Round "8"]
[White "Cubas, Jose Fernando"]
[Black "Chaves, Joara"]
[Result "1-0"]
[WhiteElo "2512"]
[BlackElo "2025"]
[PlyCount "98"]
[EventDate "2013.07.30"]
[EventType "swiss"]
[EventRounds "9"]
[EventCountry "BRA"]
[SourceTitle "CBM 155 Extra"]
[Source "ChessBase"]
[SourceDate "2013.08.26"]
[SourceVersion "1"]
[SourceVersionDate "2013.08.26"]
[SourceQuality "1"]

1. e4 e5 2. Nf3 Nc6 3. d4 exd4 4. Nxd4 Bc5 5. Nb3 Bb6 6. a4 a6 7. Nc3 d6 8. Nd5
Ba7 9. Qf3 Be6 10. Bd2 Qd7 11. Qg3 f6 12. Bc4 O-O-O 13. O-O-O Ne5 14. Be2 h5
15. f4 Ng4 16. Bxg4 Bxg4 17. Be3 h4 18. Qe1 Bxe3+ 19. Qxe3 Kb8 20. Rd4 Ne7 21.
Nc3 Nc6 22. Rd2 Rde8 23. h3 Bh5 24. Nd4 Nxd4 25. Qxd4 Qc6 26. b3 Bf7 27. Kb2
Re6 28. Rb1 Re7 29. g4 Qc5 30. Qxc5 dxc5 31. g5 Bh5 32. gxf6 gxf6 33. Rd5 Bf3
34. Rxc5 Bxe4 35. Re1 f5 36. Nxe4 fxe4 37. Re5 Rxe5 38. fxe5 Kc8 39. Rxe4 Kd7
40. Kc3 Ke6 41. Kd4 Rh5 42. Rg4 b6 43. Rg6+ Kd7 44. Kd5 Rf5 45. Rg7+ Kc8 46.
Rh7 Rf4 47. e6 Rf5+ 48. Ke4 Rf2 49. Rxh4 Kb7 1-0

[Event "Ribeira Valley op 9th"]
[Site "Registro"]
[Date "2013.08.03"]
[Round "9"]
[White "Della Morte, German"]
[Black "Cubas, Jose Fernando"]
[Result "0-1"]
[WhiteElo "2309"]
[BlackElo "2512"]
[PlyCount "50"]
[EventDate "2013.07.30"]
[EventType "swiss"]
[EventRounds "9"]
[EventCountry "BRA"]
[SourceTitle "CBM 155 Extra"]
[Source "ChessBase"]
[SourceDate "2013.08.26"]
[SourceVersion "1"]
[SourceVersionDate "2013.08.26"]
[SourceQuality "1"]

1. e4 c5 2. Nf3 Nc6 3. d4 cxd4 4. Nxd4 e5 5. Nb5 d6 6. N1c3 a6 7. Na3 Be7 8.
Nc4 b5 9. Ne3 Nf6 10. g3 b4 11. Ncd5 Nxe4 12. Bg2 f5 13. Nxe7 Nxe7 14. Nc4 Be6
15. Bxe4 Bxc4 16. Bxa8 Qxa8 17. f3 f4 18. gxf4 O-O 19. b3 Bd5 20. O-O Ng6 21.
Qe1 exf4 22. Bb2 Rf5 23. Qxb4 Bxf3 24. Kf2 Rh5 25. Qc3 Ne5 0-1

[Event "Mogi das Cruzes op 08"]
[Site "Mogi das Cruzes"]
[Date "2013.08.16"]
[Round "1"]
[White "Yanaguihara, Vitor Kioshi"]
[Black "Cubas, Jose Fernando"]
[Result "0-1"]
[WhiteElo "1746"]
[BlackElo "2512"]
[PlyCount "90"]
[EventDate "2013.08.16"]
[EventType "swiss"]
[EventRounds "6"]
[EventCountry "BRA"]
[SourceTitle "CBM 155 Extra"]
[Source "ChessBase"]
[SourceDate "2013.08.26"]
[SourceVersion "1"]
[SourceVersionDate "2013.08.26"]
[SourceQuality "1"]

1. c4 e5 2. Nc3 Nf6 3. Nf3 Nc6 4. g3 g6 5. Bg2 Bg7 6. O-O O-O 7. d3 h6 8. Rb1
a5 9. a3 d6 10. b4 axb4 11. axb4 Be6 12. b5 Ne7 13. Nd2 Qc8 14. Bb2 Bh3 15. Ra1
Rxa1 16. Qxa1 Bxg2 17. Kxg2 Nh5 18. e3 f5 19. f4 g5 20. Qd1 Nf6 21. Nf3 exf4
22. exf4 gxf4 23. gxf4 Ng6 24. Qd2 Nh5 25. Nd5 Bxb2 26. Qxb2 c6 27. bxc6 bxc6
28. Nb6 Qe8 29. Kh1 Ngxf4 30. Qd4 Qe2 31. Rg1+ Kh7 32. Nh4 Nh3 33. Nd7 Nf2+ 34.
Qxf2 Qxf2 35. Nxf8+ Kh8 36. Nfg6+ Kg7 37. Nxf5+ Kf6 38. Ngh4 Nf4 39. d4 Qe2 40.
Nxd6 Ke6 41. c5 Nh3 42. Ra1 h5 43. Rb1 Kd5 44. Ra1 Qg4 45. Ng2 Qxd4 0-1

[Event "Mogi das Cruzes op 08"]
[Site "Mogi das Cruzes"]
[Date "2013.08.16"]
[Round "2"]
[White "Cubas, Jose Fernando"]
[Black "De Souza, Cristiano Gomes"]
[Result "1-0"]
[WhiteElo "2512"]
[BlackElo "1960"]
[PlyCount "65"]
[EventDate "2013.08.16"]
[EventType "swiss"]
[EventRounds "6"]
[EventCountry "BRA"]
[SourceTitle "CBM 155 Extra"]
[Source "ChessBase"]
[SourceDate "2013.08.26"]
[SourceVersion "1"]
[SourceVersionDate "2013.08.26"]
[SourceQuality "1"]

1. e4 c5 2. Nf3 d6 3. d4 cxd4 4. Nxd4 Nf6 5. Nc3 g6 6. f4 Bg7 7. Bb5+ Bd7 8. e5
Nh5 9. e6 fxe6 10. g4 Qb6 11. Bxd7+ Kxd7 12. Nb3 Bxc3+ 13. bxc3 Qc6 14. O-O Nf6
15. Re1 Qd5 16. Qe2 Rc8 17. Be3 Qc4 18. Qf3 Qd5 19. Qh3 h5 20. g5 Ng4 21. Rad1
Qc4 22. Bd4 Rf8 23. Qg3 Nc6 24. h3 e5 25. fxe5 Rf5 26. exd6 e5 27. Nc5+ Ke8 28.
hxg4 Rxg5 29. Re4 Kf7 30. Qh4 Nxd4 31. cxd4 Rxg4+ 32. Rxg4 hxg4 33. Qh7+ 1-0

[Event "Mogi das Cruzes op 08"]
[Site "Mogi das Cruzes"]
[Date "2013.08.17"]
[Round "3"]
[White "Garkauskas, Otto Dmitry"]
[Black "Cubas, Jose Fernando"]
[Result "0-1"]
[WhiteElo "2089"]
[BlackElo "2512"]
[PlyCount "56"]
[EventDate "2013.08.16"]
[EventType "swiss"]
[EventRounds "6"]
[EventCountry "BRA"]
[SourceTitle "CBM 155 Extra"]
[Source "ChessBase"]
[SourceDate "2013.08.26"]
[SourceVersion "1"]
[SourceVersionDate "2013.08.26"]
[SourceQuality "1"]

1. d4 Nf6 2. c4 e6 3. Nc3 Bb4 4. e3 b6 5. Nge2 Ne4 6. Bd2 Nxd2 7. Qxd2 Bb7 8.
a3 Be7 9. Nf4 d6 10. O-O-O Nd7 11. Kb1 a6 12. Be2 c5 13. d5 e5 14. Nh5 g6 15.
Ng3 f5 16. Qc2 O-O 17. Nf1 b5 18. cxb5 axb5 19. Bxb5 e4 20. Nd2 Ba6 21. Bxa6
Rxa6 22. f4 Bf6 23. Nc4 Nb6 24. Nxb6 Qxb6 25. Kc1 Rb8 26. Rhe1 Qa5 27. Kd2 Rab6
28. Rb1 Rxb2 0-1

[Event "Mogi das Cruzes op 08"]
[Site "Mogi das Cruzes"]
[Date "2013.08.17"]
[Round "4"]
[White "Cubas, Jose Fernando"]
[Black "Rodrigues, Edgar"]
[Result "1-0"]
[WhiteElo "2512"]
[BlackElo "2229"]
[PlyCount "123"]
[EventDate "2013.08.16"]
[EventType "swiss"]
[EventRounds "6"]
[EventCountry "BRA"]
[SourceTitle "CBM 155 Extra"]
[Source "ChessBase"]
[SourceDate "2013.08.26"]
[SourceVersion "1"]
[SourceVersionDate "2013.08.26"]
[SourceQuality "1"]

1. e4 e6 2. d4 d5 3. e5 c5 4. c3 Nc6 5. Nf3 Bd7 6. Be2 f6 7. O-O fxe5 8. Nxe5
Nxe5 9. dxe5 Qc7 10. Re1 O-O-O 11. c4 d4 12. Nd2 Nh6 13. Nf3 Nf7 14. Bd3 Bc6
15. Ng5 Nxg5 16. Bxg5 Be7 17. Qg4 Bxg5 18. Qxg5 Qf7 19. a3 Rhf8 20. Re2 h6 21.
Qg3 g5 22. b4 Qh5 23. b5 Bf3 24. Rd2 Bg4 25. b6 a6 26. a4 Rf4 27. Re1 Rdf8 28.
h3 Bf3 29. gxf3 Rxf3 30. Qg4 Qf7 31. Qg2 Qf4 32. Ree2 h5 33. Be4 g4 34. Bxf3
gxf3 35. Qg7 Rf7 36. Qg8+ Rf8 37. Qxe6+ Kd8 38. Qd6+ Ke8 39. Qg6+ Ke7 40. Qd6+
Ke8 41. Qb8+ Ke7 42. Qxb7+ Ke8 43. Qc6+ Kf7 44. Qf6+ Qxf6 45. exf6 fxe2 46.
Rxe2 Rd8 47. f4 a5 48. Kf2 Kxf6 49. b7 d3 50. Rb2 Rb8 51. Rb3 Kf5 52. Ke3 d2
53. Kxd2 Kxf4 54. h4 Rd8+ 55. Kc3 Rb8 56. Rb5 Kg4 57. Kd3 Kf4 58. Rxc5 Rxb7 59.
Rxh5 Rb1 60. Rxa5 Rd1+ 61. Kc3 Ke4 62. Rd5 1-0

[Event "Mogi das Cruzes op 08"]
[Site "Mogi das Cruzes"]
[Date "2013.08.18"]
[Round "5"]
[White "Mendonca, Mateus Nakajo"]
[Black "Cubas, Jose Fernando"]
[Result "1-0"]
[WhiteElo "2315"]
[BlackElo "2512"]
[PlyCount "91"]
[EventDate "2013.08.16"]
[EventType "swiss"]
[EventRounds "6"]
[EventCountry "BRA"]
[SourceTitle "CBM 155 Extra"]
[Source "ChessBase"]
[SourceDate "2013.08.26"]
[SourceVersion "1"]
[SourceVersionDate "2013.08.26"]
[SourceQuality "1"]

1. e4 c5 2. Nf3 Nc6 3. d4 cxd4 4. Nxd4 e5 5. Nb5 d6 6. c4 Be7 7. N1c3 a6 8. Na3
f5 9. exf5 Bxf5 10. Bd3 Be6 11. O-O Nf6 12. Nc2 O-O 13. Nd5 Kh8 14. Nce3 Rb8
15. b3 Qd7 16. Bb2 Rbe8 17. Qd2 Bd8 18. Rad1 Bxd5 19. Nxd5 Nxd5 20. cxd5 Ne7
21. Be4 Bb6 22. Qe2 Ng8 23. Qd3 Nf6 24. Bf5 Qf7 25. Be6 Qh5 26. Qc4 Bxf2+ 27.
Kxf2 Ng4+ 28. Ke2 Nf2+ 29. Kd2 Nxd1 30. Rxd1 Rf2+ 31. Kc1 Qg5+ 32. Kb1 Qxg2 33.
Qc3 Ref8 34. h3 h5 35. Bc1 Rxa2 36. Bb2 Rxb2+ 37. Qxb2 Rf2 38. Qc3 Kh7 39. Re1
b5 40. Qd3+ g6 41. Qc3 h4 42. Rc1 b4 43. Qc7+ Kh6 44. Rc2 Qe4 45. Qc4 Qe1+ 46.
Rc1 1-0

[Event "Mogi das Cruzes op 08"]
[Site "Mogi das Cruzes"]
[Date "2013.08.18"]
[Round "6"]
[White "Cubas, Jose Fernando"]
[Black "Rodrigues, Leonardo De Miranda"]
[Result "0-1"]
[WhiteElo "2512"]
[BlackElo "2093"]
[PlyCount "52"]
[EventDate "2013.08.16"]
[EventType "swiss"]
[EventRounds "6"]
[EventCountry "BRA"]
[SourceTitle "CBM 155 Extra"]
[Source "ChessBase"]
[SourceDate "2013.08.26"]
[SourceVersion "1"]
[SourceVersionDate "2013.08.26"]
[SourceQuality "1"]

1. e4 c5 2. Nf3 Nc6 3. d4 cxd4 4. Nxd4 Nf6 5. Nc3 d6 6. f3 g6 7. Be3 Bg7 8. Qd2
O-O 9. O-O-O d5 10. Kb1 Nxd4 11. e5 Nf5 12. exf6 exf6 13. Bc5 Be6 14. Bxf8 Qxf8
15. g4 Ne7 16. Nb5 Rc8 17. Nxa7 Ra8 18. Nb5 Qd8 19. Nd4 f5 20. gxf5 Nxf5 21.
Nxe6 fxe6 22. Bh3 Qb6 23. c3 Ne3 24. Rhe1 Nc4 25. Bxe6+ Kh8 26. Qc1 Bh6 0-1

[Event "PAR-ch"]
[Site "Asuncion"]
[Date "2013.11.19"]
[Round "2"]
[White "Butti, Enrique"]
[Black "Cubas, Jose Fernando"]
[Result "0-1"]
[WhiteElo "2060"]
[BlackElo "2486"]
[PlyCount "78"]
[EventDate "2013.11.18"]
[EventType "tourn"]
[EventRounds "11"]
[EventCountry "PAR"]
[EventCategory "1"]
[SourceTitle "CBM 157 Extra"]
[Source "ChessBase"]
[SourceDate "2013.12.19"]
[SourceVersion "1"]
[SourceVersionDate "2013.12.19"]
[SourceQuality "1"]

1. c4 Nf6 2. Nc3 e5 3. Nf3 Nc6 4. g3 Nd4 5. Bg2 Nxf3+ 6. Bxf3 Bc5 7. O-O Qe7 8.
d3 h6 9. Na4 Bd6 10. Be3 c6 11. c5 Bc7 12. Qc2 O-O 13. Rfc1 Qe6 14. Qc4 Qh3 15.
Qh4 d5 16. cxd6 Qxh4 17. gxh4 Bxd6 18. Bc5 Rd8 19. e3 Bf5 20. d4 exd4 21. Bxd4
Ng4 22. h3 Ne5 23. Bg2 Ng6 24. h5 Nh4 25. Nc5 Nxg2 26. Kxg2 Rab8 27. f3 b6 28.
Nb3 c5 29. Bc3 f6 30. Nd2 b5 31. Ba5 Rdc8 32. a4 a6 33. axb5 axb5 34. Nf1 b4
35. Nd2 Be6 36. Nc4 Be7 37. e4 Bxc4 38. Rxc4 Ra8 39. Rcc1 Ra6 0-1